书目信息 |
| 题名: |
水环境实验技术
|
|
| 作者: | 王利平 , 陈毅忠 主编 | |
| 分册: | ||
| 出版信息: | 北京 中国建材工业出版社 2014.11 |
|
| 页数: | 186页 | |
| 开本: | 26cm | |
| 丛书名: | 普通高等院校环境科学与工程类系列规划教材 | |
| 单 册: | ||
| 中图分类: | X143-33 | |
| 科图分类: | ||
| 主题词: | 水环境--shui huan jing--实验--高等学校--教材 | |
| 电子资源: | ||
| ISBN: | 978-7-5160-0958-1 | |
| 000 | 01272nam 2200289 450 | |
| 001 | CAL 007083181 | |
| 005 | 20150826135733.85 | |
| 010 | @a978-7-5160-0958-1@dCNY43.80 | |
| 100 | @a20150113d2014 em y0chiy50 ea | |
| 101 | 0 | @achi |
| 102 | @aCN@b110000 | |
| 105 | @aak a 000yy | |
| 106 | @ar | |
| 200 | 1 | @a水环境实验技术@Ashui huan jing shi yan ji shu@f主编王利平, 陈毅忠 |
| 210 | @a北京@c中国建材工业出版社@d2014.11 | |
| 215 | @a186页@c图@d26cm | |
| 225 | 2 | @a普通高等院校环境科学与工程类系列规划教材@Apu tong gao deng yuan xiao huan jing ke xue yu gong cheng lei xi lie gui hua jiao cai |
| 320 | @a有书目 (第183-186页) | |
| 330 | @a本书介绍了水环境科学与工程实验技术和方法, 强调将实验设计原理、数据分析处理与具体水处理实验应用案例相结合, 解决落实实验项目中科学的技术路线方案和规范的实验报告。通过简要概述科学研究方法和科技论文写作的基本要求, 加强科学研究型拓展实验项目的训练, 提高科技论文写作的基本能力, 达到创新型人才培养的目的。 | |
| 410 | 0 | @12001 @a普通高等院校环境科学与工程类系列规划教材 |
| 586 | @a | |
| 606 | 0 | @a水环境@Ashui huan jing@x实验@x高等学校@j教材 |
| 690 | @aX143-33@v5 | |
| 701 | 0 | @a王利平@Awang li ping@4主编 |
| 701 | 0 | @a陈毅忠@Achen yi zhong@4主编 |
| 801 | 0 | @aCN@c20150820 |
| 905 | @a河南城建学院图书馆@dX143-33@eW250@f3 | |
| 水环境实验技术/主编王利平, 陈毅忠.-北京:中国建材工业出版社,2014.11 |
| 186页:图;26cm.-(普通高等院校环境科学与工程类系列规划教材) |
| ISBN 978-7-5160-0958-1:CNY43.80 |
| 本书介绍了水环境科学与工程实验技术和方法, 强调将实验设计原理、数据分析处理与具体水处理实验应用案例相结合, 解决落实实验项目中科学的技术路线方案和规范的实验报告。通过简要概述科学研究方法和科技论文写作的基本要求, 加强科学研究型拓展实验项目的训练, 提高科技论文写作的基本能力, 达到创新型人才培养的目的。 |
| ● |
| 相关链接 |
|
|
|
正题名:水环境实验技术
索取号:X143-33/W250
 
预约/预借
| 序号 | 登录号 | 条形码 | 馆藏地/架位号 | 状态 | 备注 |
| 1 | 1224515 | 212245159 | 自科库501/501自科库 62排5列4层/ [索取号:X143-33/W250] | 在馆 | |
| 2 | 1224516 | 212245168 | 自科库501/501自科库 62排5列4层/ [索取号:X143-33/W250] | 在馆 | |
| 3 | 1224517 | 212245177 | 期刊室512/501自科库 62排5列4层/ [索取号:X143-33/W250] | 在馆 |